Statistiques concernant Célébrités commençant par la lettre F

Cliquez ici pour prendre le quiz!

Statistiques générales

  • Ce quiz a été pris 143 fois
  • Le résultat moyen est 5 sur 11

Statistiques - réponses

Réponse% Correct
Florent Pagny
95%
Florence Foresti
91%
Fabrice Eboué
74%
Francis Lalanne
67%
Francis Ngannou
47%
Fergie
43%
Fary
37%
Flo Rida
33%
Fadily Camara
24%
French Montana
17%
Felicity Huffman
7%

Distribution des résultats

Percentile par nombre de réponses

% des personnes avec chaque résultat

Votre développement - résultats

Vous n’avez pas pris ce quiz